00358nam a2200109Ia 4500008004100000082001700041100001500058245009500073260004700168300001300215650002000228230907s9999||||xx |||||||||||||| ||und|| a370.951bGAN aGang, Han. 0aRead China : how China's development shapes Chinese people's lives in the changing world / aBeijing mediatime united,bBeijing :c2010 a280 p. : aChinese Studies